Statystyki dla Stacje metra w Warszawie

Kliknij tutaj aby rozwiązać quiz!

Ogólne statystyki

  • Ten quiz został rozwiązany 514 razy
  • Średni wynik to 13 z 29

Statystyki odpowiedzi

Stacja metra% Poprawnych
Centrum
79%
Kabaty
70%
Młociny
69%
Świętokrzyska
68%
Politechnika
59%
Dworzec Gdański
54%
Ratusz Arsenał
53%
Pole Mokotowskie
52%
Rondo ONZ
52%
Ursynów
50%
Stadion Narodowy
49%
Wawrzyszew
48%
Stare Bielany
47%
Natolin
46%
Imielin
44%
Plac Wilsona
44%
Wilanowska
42%
Marymont
41%
Słodowiec
40%
Centrum Nauki Kopernik
39%
Służew
38%
Wierzbno
38%
Racławicka
37%
Stokłosy
36%
Dworzec Wileński
35%
Nowy Świat-Uniwersytet
21%
Trocka
21%
Targówek Mieszkaniowy
12%
Szwedzka Ursynów
1%

Rozkład punktacji

Percentyl według liczby udzielonych odpowiedzi

Procent ludzi z każdym wynikiem

Twoja historia wyników

Nie rozwiązałeś tego quizu